Kokumin shotoku to saiseisan /
Saved in:
| Main Author: | |
|---|---|
| Format: | Book |
| Language: | Japanese |
| Published: |
Tōkyō :
Yūhikaku,
Shōwa 26 [1951]
|
| Edition: | Shohan. |
| Series: | Keizaigaku sensho.
|
| Subjects: | |
| Tags: |
Add Tag
No Tags, Be the first to tag this record!
|
| LEADER | 01094nam a2200325 a 4500 | ||
|---|---|---|---|
| 001 | 007745663-7 | ||
| 005 | 20024617115255.0 | ||
| 008 | 870526s1951 ja a b 001 0 jpn | ||
| 010 | |a 87140545 /AJ | ||
| 035 | 0 | |a ocm16711984 | |
| 040 | |a DLC |c DLC |d *YNH* |d CStRLIN | ||
| 050 | 0 | |a HB141.5 |b .T78 1951 | |
| 100 | 1 | |6 880-01 |a Tsuru, Shigeto, |d 1912- | |
| 245 | 1 | 0 | |6 880-02 |a Kokumin shotoku to saiseisan / |c Tsuru Shigeto cho. |
| 250 | |6 880-03 |a Shohan. | ||
| 260 | |6 880-04 |a Tōkyō : |b Yūhikaku, |c Shōwa 26 [1951] | ||
| 300 | |a 3, 4, 252, 5 p. : |b ill. ; |c 22 cm. | ||
| 490 | 1 | |6 880-05 |a Keizaigaku sensho | |
| 504 | |a Includes bibliographical references and index. | ||
| 650 | 0 | |a National income. | |
| 650 | 0 | |a Production (Economic theory) | |
| 880 | 1 | |6 100-01 |a 都留重人, |d 1912- | |
| 880 | 1 | 0 | |6 245-02 |a 國民所得と再生產 / |c 都留重人著. |
| 880 | |6 250-03 |a 初版. | ||
| 880 | |6 260-04 |a 東京 : |b 有斐閣, |c 昭和 26 [1951] | ||
| 880 | 1 | |6 490-05 |a 經濟学選書 | |
| 830 | 0 | |6 880-55 |a Keizaigaku sensho. | |
| 880 | 0 | |6 830-55 |a 經濟学選書. | |
| 988 | |a 20021209 | ||
| 906 | |0 DLC | ||


